Library Logo

Pioneer International University Library Catalogue

Asian American Authors (Record no. 9905)

MARC details
000 -LEADER
fixed length control field 00384nam a22001457a 4500
003 - CONTROL NUMBER IDENTIFIER
control field OSt
005 - DATE AND TIME OF LATEST TRANSACTION
control field 20260123112402.0
008 - FIXED-LENGTH DATA ELEMENTS--GENERAL INFORMATION
fixed length control field 260123b |||||||| |||| 00| 0 eng d
020 ## - INTERNATIONAL STANDARD BOOK NUMBER
International Standard Book Number 0766013766
040 ## - CATALOGING SOURCE
Transcribing agency Enslow Publishers, Inc
050 ## - LIBRARY OF CONGRESS CALL NUMBER
Classification number PS 153 .I845 2000
245 ## - TITLE STATEMENT
Title Asian American Authors
Statement of responsibility, etc. Ishizuka, Kathy
260 ## - PUBLICATION, DISTRIBUTION, ETC.
Place of publication, distribution, etc. USA
Name of publisher, distributor, etc. Enslow Publishers, Inc
Date of publication, distribution, etc. 2009
942 ## - ADDED ENTRY ELEMENTS (KOHA)
Source of classification or shelving scheme Dewey Decimal Classification
Koha item type Books
Suppress in OPAC No
Holdings
Withdrawn status Lost status Source of classification or shelving scheme Damaged status Not for loan Home library Current library Date acquired Total checkouts Barcode Date last seen Price effective from Koha item type
    Library of Congress Classification     PIU Library PIU Library 02/02/2026   PIUDMUR869 02/02/2026 02/02/2026 Books